Регионална библиотека "Любен Каравелов" - Русе

Дивертисмент (Запис номер 355011)

MARC детайли
000 -Лидер
Контролно поле с фиксирана дължина 01403ncm a2200409 c 4500
003 - Код на организацията, давaща контролен номер
Контролно поле BLK
005 - Дата и час на последна редакция
Контролно поле 20250127155405.0
008 - Елементи от данни с фиксирана дължина
fixed length control field 180414b bul |a|er|||| |0| c|bulo|
010 ## - Наследен системен номер
LC control number NOT00003811000
040 ## - Източник на каталожния запис
Идентификатор на билиотеката - собственик на записа BLK
041 ## - Код за език
Код за езика на текст/звукозапис или на отделно заглавие Руски
Код за езика КДБФ Руски
080 ## - УДК
Текстов определител УДК Дуо виолончело и пиано
УДК код - определител по УДК 785.72:787.3:786.2
УДК - код + определител 785.72:787.3:786.2
100 1# - Редна дума - Автор
Автор Гайдн, Франц Йозеф
Авторска отговорност първи автор
R(LIN) 50668
139 ## - Редно поле
Редна дума Гайдн, Франц Йозеф
Авторски знак Гаи - Г 16
245 10 - Сведения за заглавието
Заглавие Дивертисмент
Редно поле (дума) Франц Йозеф Гайдн.
Подзаглавни данни Си минор: Переложении для виолончели и фортепиано
254 ## - Сведения за формата на нотното издание
Формат на описваните ноти Клавир
257 ## - Страна на издаване
Страна на създаване/издаване СССР
260 ## - Област на издателските данни
Име на издателя, разпространителя и проч. Музгиз
Година на издаване 1963
9 (RLIN) 211661
Място на издаване, разпространение и проч. Москва
300 ## - Физическа характеристика
Страници 11 с.
Размери/Мащаб 30 см
Съпровождащи материали 4 с. щим
380 ## - Жанр
Жанр Изкуство
490 ## - СЕРИИ (Колекции)
9 (RLIN) 405129
Име на серия Педагогический репертуар музыкального училища
650 #0 - Допълнително описание по предмет – тема
Основно описание – тема или топоним Дуо - виолончело и пиано
9 (RLIN) 353305
653 #7 - Ключова дума – ненормативна
Ключова дума виолончело
9 (RLIN) 183305
852 ## - Местоположение
Форматна сигнатура Цб М ІІ 3671
Част 0
856 4# - Електронен адрес и достъп
Електронен формат pdf - файл
Път до файла /url/
856 4# - Електронен адрес и достъп
Електронен формат pdf - файл
Път до файла /url/
999 ## - СИСТЕМНИ КОНТРОЛНИ НОМЕРА
Koha biblionumber 355011
Koha biblioitemnumber 355011
942 ## - АРТИКУЛИ
Вид на библиотечния материал Нотни издания
Скрит в OPAC Не
Периодичен библиозапис Да
944 ## - СЪЗДАВАНЕ И РЕДАКЦИЯ на ЗАПИСА
Създаване/Редакция Създаване
Дата на регистрацията/редакция 14.11.2016
Служител, извършил регистрацията/редакцията 30560
Статус, дата на статуса Геновева Генчева
944 ## - СЪЗДАВАНЕ И РЕДАКЦИЯ на ЗАПИСА
Създаване/Редакция Редакция
Дата на регистрацията/редакция 14.11.2016
Служител, извършил регистрацията/редакцията Камелия_Данева
999 ## - СИСТЕМНИ КОНТРОЛНИ НОМЕРА
Koha biblioitemnumber 355011
999 ## - СИСТЕМНИ КОНТРОЛНИ НОМЕРА
Koha biblioitemnumber 355011
999 ## - СИСТЕМНИ КОНТРОЛНИ НОМЕРА
Koha biblioitemnumber 354992
999 ## - СИСТЕМНИ КОНТРОЛНИ НОМЕРА
Koha biblioitemnumber 354992
999 ## - СИСТЕМНИ КОНТРОЛНИ НОМЕРА
Koha biblioitemnumber 354973
999 ## - СИСТЕМНИ КОНТРОЛНИ НОМЕРА
Koha biblioitemnumber 354973
999 ## - СИСТЕМНИ КОНТРОЛНИ НОМЕРА
Koha biblioitemnumber 320828
Наличности
Код за отписване Код за изгубен артикул Източник на класификационната схема Код за повреда Коз за рестрикции Код за отдаване Артикулен № Име на библиотеката - собственик Име на библиотеката, в която се намира в момента Статус (Текущо местоположение) Дата на вписване в системата Местоположение - отдел Цена в лева Инвентарен номер Систематично азбучна сигнатура Баркод Цена в евро Служебен тип на артикула
  Не е изгубен Universal Decimal Classification Не е повреден само за читалня ползва се в читалня 762792 Регионална библиотека "Любен Каравелов" Русе Регионална библиотека "Любен Каравелов" Русе Хранилище 2020-04-20 Хранилище 0.16 9905/64 Цб М II 3671 900000005633 0.08 Нотни издания
Vip Innovations Ltd, Rousse, Bulgaria 2025